Derecho internacional público
Guardat en:
| Autor principal: | |
|---|---|
| Format: | Llibre |
| Idioma: | espanyol |
| Publicat: |
Santiago
Jurídica de Chile
1900
|
| Edició: | 4a. ed |
| Col·lecció: | Colección de Apuntes de Clases, 1
|
| Matèries: | |
| Etiquetes: |
Afegir etiqueta
Sense etiquetes, Sigues el primer a etiquetar aquest registre!
|
MARC
| LEADER | 00000nam a2200000 a 4500 | ||
|---|---|---|---|
| 001 | UCU2362 | ||
| 003 | CL-VaPUC | ||
| 008 | 960426e19000000CL |||||||||||||||||spa|d | ||
| 082 | 0 | 4 | |a 341.1 |b BAR |2 21 |
| 100 | 0 | |a Barros Jarpa, Ernesto |e author |9 358458 | |
| 245 | 1 | 0 | |a Derecho internacional público |
| 250 | |a 4a. ed | ||
| 300 | |a 218 p | ||
| 942 | |c BK | ||
| 945 | |d 19960426 00:00:00 |a rbrito | ||
| 260 | |a Santiago |b Jurídica de Chile |c 1900 | ||
| 650 | 0 | |a Derecho internacional |9 255637 | |
| 650 | 7 | |a DERECHO INTERNACIONAL PUBLICO |2 CL-VaPUC |9 358459 | |
| 650 | 0 | |a Código civil |9 256135 | |
| 650 | 7 | |a CODIGO DE JUSTICIA |2 CL-VaPUC |9 358460 | |
| 650 | 7 | |a CODIGO DE PROCEDIMIENTO PENAL |2 CL-VaPUC |9 256474 | |
| 650 | 0 | |a Relaciones Exteriores |9 255379 | |
| 650 | 0 | |a Prensa |9 258117 | |
| 650 | 0 | |a Derecho y legislación |9 255077 | |
| 583 | |a last modification |c 19960426 00:00:00 |k Rodrigo Vera | ||
| 490 | 0 | |a Colección de Apuntes de Clases, 1 | |
| 999 | |c 246669 |d 246667 | ||
| 952 | |0 0 |1 0 |4 0 |6 341_100000000000000_BAR_1900 |7 0 |8 A |9 261845 |a BIBDER |b BIBDER |d 2019-11-19 |i 3155358 |o 341.1 BAR 1900 |p 3155358 |r 2023-01-25 |w 2019-11-19 |y BK |k DER | ||